Filosofía del hombre y de la vida social /

Concepción del hombre y su mundo a partir de una concepción filosófica general.

Guardat en:
Dades bibliogràfiques
Autor principal: Molina Enríquez, Alvaro (autor)
Format: Llibre
Idioma:espanyol
Publicat: México : Secretaría de Educación Pública, Subsecretaría de Asuntos Culturales, 1969, c1969
Col·lecció:(Cuadernos de Lectura Popular ; 199)
(Ciencia y Técnica SEP)
Matèries:
Etiquetes: Afegir etiqueta
Sense etiquetes, Sigues el primer a etiquetar aquest registre!

MARC

LEADER 00000nam^a2200000^a^4500
001 000138042
005 20250521000000.0
009 20260310095415.03
037 |a Acervo ITESO - Biblioteca 
041 |a ESP 
082 |a 808. 88  |b CUA V. 199 
100 |a Molina Enríquez, Alvaro  |e (autor) 
245 1 0 |a Filosofía del hombre y de la vida social /  |c A. Molina Enríquez. 
264 4 |a México :  |b Secretaría de Educación Pública, Subsecretaría de Asuntos Culturales,  |c 1969, c1969 
300 |a 61 p. 
336 |a texto  |b txt  |2 rdacontenido 
337 |a sin mediación  |b n  |2 rdamedio 
338 |a volumen  |b nc  |2 rdasoporte 
440 1 |a (Cuadernos de Lectura Popular ;  |v 199) 
440 1 |a (Ciencia y Técnica SEP) 
520 |a Concepción del hombre y su mundo a partir de una concepción filosófica general. 
649 |a XX 
650 |a Antropología Filosófica 
650 |a Sociedad -  |x Filosofía 
650 |a Filosofía -  |x Historia y Crítica 
650 |a Filosofía -  |x Teoría 
910 |a Fondo Salvador Reynoso Reynoso 
920 |a Impresos - Libros 
930 |a Fondos Especiales 
940 |a Literatura 
905 |a 112 
901 |a 0800014059  |b IT2  |c ESP  |u 20250521 
902 |a https://opac.biblio.iteso.mx/vufind/Record/000138042